[Event "European Blitz 2022"]
[Site "Katowice POL"]
[Date "2022.12.16"]
[Round "22.7"]
[White "Kosakowski, Jakub"]
[Black "Moroni, Luca Jr"]
[Result "1/2-1/2"]
[WhiteTitle "IM"]
[BlackTitle "GM"]
[WhiteElo "2475"]
[BlackElo "2576"]
[WhiteFideId "1185080"]
[BlackFideId "865834"]
[EventDate "2022.12.16"]

1. e4 d6 2. d4 e5 3. Nf3 exd4 4. Qxd4 Nf6 5. Nc3 Be7 6. Bg5 O-O 7. O-O-O h6 8.
Bf4 a6 9. Be2 b5 10. e5 dxe5 11. Qxd8 Bxd8 12. Nxe5 Bb7 13. Bf3 Bxf3 14. Nxf3
Nbd7 15. Rhe1 c6 16. Ne4 Bb6 17. Nd4 Nxe4 18. Rxe4 Nf6 19. Re2 Rac8 20. Nf5 Kh7
21. Be5 Rce8 22. Rde1 Re6 23. Bd4 Bxd4 24. Nxd4 Rd6 25. Nb3 Nd5 26. g3 g5 27.
Nc5 a5 28. Rd2 a4 29. a3 Rb8 30. c3 Kg7 31. Rd3 Rh8 32. Kc2 Rf6 33. Ne4 Re6 34.
g4 h5 35. h3 Nf4 36. Rf3 Kg6 37. Ree3 Nd5 38. Re1 Rhe8 39. gxh5+ Kg7 40. Rxf7+
Kxf7 41. Nxg5+ Kf6 42. Rxe6+ Rxe6 43. Nxe6 Kxe6 44. Kd3 Nb6 45. Kd4 Nd7 46. h6
Kf6 47. c4 Nb6 48. cxb5 cxb5 49. Kc5 Nc4 50. Kxb5 Nxb2 51. Kb4 Kg6 52. Kc3 Nd1+
53. Kb4 Nb2 54. f4 Kxh6 55. h4 Kg6 56. Kb5 Nd3 57. Kxa4 Nxf4 58. Kb5 Nd5 59. Kc5
Nc3 60. Kb4 Nd5+ 61. Kb3 Nb6 62. a4 Nxa4 63. Kxa4 Kh5 64. Kb4 Kxh4 1/2-1/2

[Event "European Blitz 2022"]
[Site "Katowice POL"]
[Date "2022.12.16"]
[Round "22.8"]
[White "Hovhannisyan, Robert"]
[Black "Kosteniuk, Alexandra"]
[Result "1-0"]
[WhiteTitle "GM"]
[BlackTitle "GM"]
[WhiteElo "2597"]
[BlackElo "2520"]
[WhiteFideId "13302507"]
[BlackFideId "4128125"]
[EventDate "2022.12.16"]

1. e4 e5 2. Nf3 Nc6 3. Bb5 a6 4. Ba4 Nf6 5. O-O Be7 6. Nc3 b5 7. Bb3 O-O 8. a4
b4 9. Nd5 d6 10. d4 exd4 11. Nxd4 Nxd4 12. Qxd4 Nxd5 13. Bxd5 Rb8 14. Qd3 a5 15.
b3 Bf6 16. Rb1 Bc3 17. Be3 c5 18. Rbd1 Qe7 19. Bc4 Rb6 20. f3 Kh8 21. Bf4 Bd4+
22. Be3 Bc3 23. Bf4 Bd4+ 24. Kh1 Be6 25. Bg3 Re8 26. Bxe6 fxe6 27. Bf2 e5 28. f4
Rf8 29. f5 Rb7 30. Qc4 Qf7 31. Qa6 Qc7 32. Rd3 Ra7 33. Qc4 Qf7 34. Bh4 Qxc4 35.
bxc4 Rb7 36. g4 Kg8 37. Kg2 Rfb8 38. Rb3 Rf8 39. Bg3 Ra7 40. g5 Raf7 41. h4 g6
42. Rbf3 gxf5 43. Rxf5 Be3 44. Rxf7 Rxf7 45. Rxf7 Kxf7 46. Kh3 Kg6 47. Kg4 h5+
48. gxh6 Bxh6 49. h5+ Kf6 50. Bh4+ Kf7 51. Kf5 Bd2 52. Bd8 b3 53. cxb3 1-0

[Event "European Blitz 2022"]
[Site "Katowice POL"]
[Date "2022.12.16"]
[Round "22.9"]
[White "Bartel, Mateusz"]
[Black "Keinanen, Toivo"]
[Result "1/2-1/2"]
[WhiteTitle "GM"]
[BlackTitle "IM"]
[WhiteElo "2627"]
[BlackElo "2508"]
[WhiteFideId "1112635"]
[BlackFideId "509825"]
[EventDate "2022.12.16"]

1. e4 e6 2. d4 d5 3. Nc3 Nf6 4. Bg5 dxe4 5. Nxe4 Nbd7 6. Nf3 Be7 7. Nxf6+ Bxf6
8. h4 c5 9. c3 cxd4 10. Bxf6 Nxf6 11. Qxd4 Qxd4 12. Nxd4 Bd7 13. Be2 Ke7 14. f3
Nd5 15. Kf2 Rac8 16. Rhe1 Rhd8 17. a4 Kf8 18. Bf1 Be8 19. a5 Ne7 20. a6 b6 21.
f4 Nc6 22. Nxc6 Bxc6 23. Red1 Ke7 24. Ke3 Rd5 25. c4 Rd7 26. Rxd7+ Bxd7 27. b4
f6 28. Rd1 Ba4 29. Rd2 Bb3 30. b5 Rc5 31. Kd4 Ba4 32. Bd3 e5+ 33. fxe5 fxe5+ 34.
Ke3 Bb3 35. Rb2 Bd1 36. Kd2 Bg4 37. Kc3 Be6 38. Re2 h6 39. Re3 Kd6 40. Be2 Rc8
41. Kb4 Rf8 42. Rd3+ Ke7 43. g3 Rf2 44. Re3 Kd6 45. Rd3+ Kc7 46. Re3 Kd6 47.
Rd3+ Kc7 48. Bf3 Rb2+ 49. Kc3 Rb1 50. Bd5 Bxd5 51. Rxd5 Re1 52. Kd2 Re4 53. Kd3
Re1 54. g4 g6 55. h5 g5 56. Kd2 Re4 57. Kd3 Re1 58. Kd2 Re4 59. Kd3 Re1 60. Kd2 1/2-1/2

[Event "European Blitz 2022"]
[Site "Katowice POL"]
[Date "2022.12.16"]
[Round "22.10"]
[White "Saric, Ante"]
[Black "Stefansson, Hannes"]
[Result "1/2-1/2"]
[WhiteTitle "GM"]
[BlackTitle "GM"]
[WhiteElo "2504"]
[BlackElo "2526"]
[WhiteFideId "14506254"]
[BlackFideId "2300087"]
[EventDate "2022.12.16"]

1. Nf3 Nf6 2. c4 c6 3. Nc3 d5 4. e3 a6 5. d4 Bf5 6. Bd3 Bxd3 7. Qxd3 e6 8. e4
dxe4 9. Nxe4 Nxe4 10. Qxe4 Bb4+ 11. Ke2 Be7 12. Bf4 Nd7 13. Rhd1 O-O 14. Kf1 Re8
15. Rd3 Rc8 16. Qe2 b5 17. b3 bxc4 18. bxc4 Qa5 19. Qc2 Bf6 20. Rb1 e5 21. dxe5
Nxe5 22. Bxe5 Bxe5 23. g3 Bf6 24. Rd7 Rcd8 25. Ra7 Ra8 26. Rxa8 Rxa8 27. Kg2 g6
28. Rb7 Re8 29. Qb3 Kg7 30. c5 Rf8 31. Qc4 h5 32. h4 Qd8 33. Rb6 Qd5 34. Qxd5
cxd5 35. Rxa6 Rc8 36. c6 Kf8 37. Ne1 Ke7 38. Nd3 Bc3 39. Kf3 Kd6 40. c7+ Kxc7
41. Ra7+ Kd6 42. Rxf7 Ra8 43. Nf4 Rxa2 44. Nxg6 Be1 45. Kg2 d4 46. Rf3 Kc5 47.
Nf4 Kc4 48. Nd3 Bd2 49. Ne5+ Kd5 50. Rf5 Ke6 51. Rxh5 Ra3 52. Nf3 Bc3 53. Rh8 d3
54. Rd8 Ba5 55. Rd4 Bb6 56. Re4+ Kd5 57. Re5+ Kd6 58. Re1 Ra2 59. Rf1 Re2 60. h5
Ke6 61. g4 Kf6 62. g5+ Kf5 63. g6 Kf6 64. Kg3 d2 65. Rd1 Bxf2+ 66. Kg4 Be3 67.
Rb1 Rg2+ 68. Kh3 Rf2 69. Kg3 Re2 70. Ra1 Kg7 71. Rh1 Kh6 72. Rd1 Kg7 73. Kg4 Rf2
74. Nh4 Rf4+ 75. Kg3 Rf6 76. Kg4 Rf4+ 77. Kg3 Rf6 78. Ng2 Bg5 79. Kg4 Bh6 80.
Nh4 Rf4+ 81. Kg3 Rf6 82. Nf3 Rd6 83. Kg4 Rd5 84. Kg3 Rxh5 85. Kf2 Rd5 86. Ke2
Kxg6 87. Nxd2 Rxd2+ 88. Rxd2 Bxd2 1/2-1/2

[Event "European Blitz 2022"]
[Site "Katowice POL"]
[Date "2022.12.16"]
[Round "22.11"]
[White "Svane, Rasmus"]
[Black "Vogel, Roven"]
[Result "1-0"]
[WhiteTitle "GM"]
[BlackTitle "IM"]
[WhiteElo "2622"]
[BlackElo "2463"]
[WhiteFideId "4657101"]
[BlackFideId "12908088"]
[EventDate "2022.12.16"]

1. Nf3 d5 2. g3 b6 3. c4 dxc4 4. Na3 Bb7 5. Nxc4 e6 6. Bg2 Be7 7. O-O Nf6 8.
Qa4+ Qd7 9. Qc2 O-O 10. d4 Be4 11. Qb3 Qd5 12. Bf4 Nc6 13. Ncd2 Nxd4 14. Nxd4
Bxg2 15. Qxd5 Bxd5 16. Bxc7 Rac8 17. Bf4 a6 18. Rfc1 Ne4 19. Nxe4 Bxe4 20. f3
Bb7 21. Kf2 Rfd8 22. Be3 Bd5 23. Nb3 b5 24. Bb6 Re8 25. Bd4 f6 26. e4 Bc6 27.
Bc5 Bd8 28. Be3 Be7 29. Bc5 e5 30. Bxe7 Rxe7 31. Rc5 Bb7 32. Rxc8+ Bxc8 33. Rc1
Be6 34. Nc5 Rc7 35. b4 Bxa2 36. Ra1 Bc4 37. Rxa6 Rc8 38. f4 Rd8 39. Ra7 Rd2+ 40.
Ke3 Re2+ 41. Kf3 Rb2 42. fxe5 fxe5 43. Nd7 Rb3+ 44. Kf2 Rxb4 45. Nxe5 h6 46. Ke3
Rb2 47. h4 Re2+ 48. Kf3 Re1 49. Ra8+ Kh7 50. h5 Be2+ 51. Kf2 1-0

[Event "European Blitz 2022"]
[Site "Katowice POL"]
[Date "2022.12.16"]
[Round "22.12"]
[White "Mastrovasilis, Dimitrios"]
[Black "Laurusas, Tomas"]
[Result "0-1"]
[WhiteTitle "GM"]
[BlackTitle "GM"]
[WhiteElo "2605"]
[BlackElo "2567"]
[WhiteFideId "4202694"]
[BlackFideId "12803731"]
[EventDate "2022.12.16"]

1. e4 c5 2. Nf3 e6 3. c4 a6 4. Nc3 Qc7 5. Be2 Nc6 6. d4 cxd4 7. Nxd4 Nf6 8. O-O
Be7 9. Nxc6 dxc6 10. Qd3 O-O 11. Qg3 e5 12. Bh6 Ne8 13. Be3 Be6 14. Rfd1 Nf6 15.
Bh6 Ne8 16. Be3 Kh8 17. Rd2 Nf6 18. a3 Nd7 19. Rad1 b5 20. Nd5 cxd5 21. cxd5 Nf6
22. Bf3 Bxd5 23. exd5 Bd6 24. Be2 Ne4 25. Qh4 Nxd2 26. Rxd2 Qc1+ 27. Bf1 f5 28.
Re2 Qc7 29. Re1 Qc2 30. Re2 Qb1 31. h3 Rac8 32. Bg5 f4 33. Be7 Rc1 0-1

[Event "European Blitz 2022"]
[Site "Katowice POL"]
[Date "2022.12.16"]
[Round "22.13"]
[White "Yuffa, Daniil"]
[Black "Costachi, Mihnea"]
[Result "0-1"]
[WhiteTitle "GM"]
[BlackTitle "IM"]
[WhiteElo "2587"]
[BlackElo "2476"]
[WhiteFideId "24131423"]
[BlackFideId "1217518"]
[EventDate "2022.12.16"]

1. Nf3 Nf6 2. g3 g6 3. Bg2 Bg7 4. O-O O-O 5. c4 d6 6. Nc3 Nc6 7. d4 Bf5 8. d5
Na5 9. Nd2 c5 10. e4 Bd7 11. Qc2 a6 12. b3 b5 13. Bb2 Rb8 14. Rab1 e5 15. Ne2
Qe7 16. Nc1 Ng4 17. h3 Nh6 18. Nd3 f5 19. f4 fxe4 20. Nxe4 bxc4 21. bxc4 exf4
22. Bxg7 Qxg7 23. Rxb8 Rxb8 24. Nxf4 Qd4+ 25. Kh2 Rb2 26. Qd3 Nxc4 27. Qxd4 cxd4
28. Nf6+ Kf7 29. Nxd7 Ke7 30. Rc1 Ne3 31. Rc7 Nxg2 32. Ne5+ Kf6 33. Nd7+ Ke7 34.
Nxg2 Kd8 35. Ra7 d3 36. Kg1 d2 37. Ne3 Rb1+ 38. Kf2 Re1 39. Nd1 Rxd1 40. Ke2 Rf1
41. Kxd2 Rf7 42. Nb8 Rxa7 43. Nc6+ Kc7 44. Nxa7 Nf5 45. Nc6 Nxg3 46. Nd4 Ne4+
47. Ke3 Nc3 48. Ne6+ Kd7 49. Nf8+ Ke7 50. Nxh7 Nxd5+ 51. Kd4 Nf4 52. h4 Ng2 53.
Kd5 Nxh4 54. a4 Nf3 55. Ke4 Nd2+ 56. Kd5 Nb3 57. Kc4 Nc5 58. a5 Nb7 59. Kb4 d5
60. Ng5 Kf6 61. Nf3 g5 62. Nd4 g4 63. Kc3 Nxa5 64. Kd3 Nc4 65. Nc2 Ke5 66. Nb4
a5 67. Nc6+ Kf4 68. Kd4 g3 69. Ne7 Kf3 70. Nf5 g2 71. Nh4+ Kf2 72. Nxg2 Kxg2 73.
Kxd5 Nb6+ 74. Kc5 a4 75. Kb4 Kf3 76. Ka3 Ke4 77. Kb4 Kd5 78. Ka3 Kc4 0-1

[Event "European Blitz 2022"]
[Site "Katowice POL"]
[Date "2022.12.16"]
[Round "22.15"]
[White "Drozdowski, Kacper"]
[Black "Piorun, Kacper"]
[Result "1/2-1/2"]
[WhiteTitle "IM"]
[BlackTitle "GM"]
[WhiteElo "2448"]
[BlackElo "2611"]
[WhiteFideId "1136720"]
[BlackFideId "1130420"]
[EventDate "2022.12.16"]

1. e4 g6 2. d4 Bg7 3. Nc3 d6 4. f4 a6 5. Nf3 b5 6. Bd3 Bb7 7. Qe2 c5 8. dxc5
dxc5 9. e5 Nh6 10. a4 b4 11. Ne4 Qc8 12. b3 O-O 13. Be3 Nf5 14. Bf2 Nd7 15. Rd1
Nb6 16. Nxc5 Nd5 17. Bxf5 Qxf5 18. Nxb7 Nxf4 19. Nh4 Qc8 20. Qe4 Qc3+ 21. Kf1
Bxe5 22. Nf3 f6 23. Qc4+ Qxc4+ 24. bxc4 Bc3 25. Nc5 Rfc8 26. g3 Nh5 27. Rd7 Kf7
28. Kg2 f5 29. Rhd1 Nf6 30. Ng5+ Ke8 31. Rb7 h6 32. Nge6 Kf7 33. Nc7 Rab8 34.
Rxb8 Rxb8 35. N7xa6 Ra8 36. Nc7 Rc8 37. Nd5 Ng4 38. Nxc3 Nxf2 39. Kxf2 Rxc5 40.
Nd5 Rxc4 41. Ne3 Rc3 42. Ra1 e5 43. Rb1 f4 44. gxf4 exf4 45. Nd5 Rxc2+ 46. Kf3
g5 47. Rxb4 Rxh2 48. a5 Ra2 49. Rb5 Kg6 50. Ne7+ Kh5 51. Nc6 Ra3+ 52. Ke4 Kh4
53. Rb6 f3 54. Nd4 Rxa5 55. Nxf3+ Kg3 56. Nd4 g4 57. Rxh6 Ra8 58. Nf5+ Kg2 59.
Kf4 Ra4+ 60. Kg5 g3 61. Rb6 Kh2 62. Rb2+ Kh3 63. Rb3 Rg4+ 64. Kf6 Kh2 65. Nxg3 1/2-1/2

[Event "European Blitz 2022"]
[Site "Katowice POL"]
[Date "2022.12.16"]
[Round "22.16"]
[White "Sahidi, Samir"]
[Black "Dvirnyy, Danyyil"]
[Result "1-0"]
[WhiteTitle "IM"]
[BlackTitle "GM"]
[WhiteElo "2494"]
[BlackElo "2530"]
[WhiteFideId "14936372"]
[BlackFideId "817570"]
[EventDate "2022.12.16"]

1. e4 e5 2. Nf3 Nc6 3. Bb5 Nf6 4. d3 Bc5 5. O-O Nd4 6. Nxd4 Bxd4 7. c3 Bb6 8.
Nd2 O-O 9. a4 c6 10. Bc4 d5 11. Ba2 Be6 12. h3 Re8 13. Qe2 h6 14. Nf3 Qd6 15.
Re1 dxe4 16. dxe4 Bxa2 17. Rxa2 a5 18. b3 Qe6 19. c4 Bc5 20. Bb2 Nd7 21. Raa1
Bb4 22. Red1 Rad8 23. Qc2 f6 24. Bc1 Kh7 25. Be3 Nf8 26. Rxd8 Rxd8 27. Rd1 Rd7
28. Kf1 Qe8 29. Ke2 Ne6 30. Rxd7 Qxd7 31. Qd3 Qe7 32. g3 g6 33. h4 h5 34. Nd2
Kg7 35. f4 exf4 36. gxf4 Nc5 37. Bxc5 Bxc5 38. Nf3 Qe6 39. e5 Qg4 40. exf6+ Kxf6
41. Qd8+ Be7 42. Qd4+ Kf7 43. Ke3 Bf6 44. Qd6 Qe6+ 45. Qxe6+ Kxe6 46. Ke4 Be7
47. Nd4+ Kd6 48. f5 g5 49. hxg5 Bxg5 50. c5+ Ke7 51. Nf3 Bf6 52. Nd2 Kf7 53. Nc4
Be7 54. Nxa5 Bxc5 55. Nxb7 Ba7 56. Nd8+ Kf6 57. Nxc6 Bg1 58. Nb4 h4 59. Nd5+ Kf7
60. Nf4 Bh2 61. Nh3 Bd6 62. a5 Bc7 63. a6 Bb6 64. Kf3 Kf6 65. Kg4 Ba7 66. b4 Bb6
67. b5 Ba7 68. Nf4 Bc5 69. b6 h3 70. Nxh3 Bxb6 71. Kf4 Ke7 72. Ke5 Kd7 73. Kd5
Kc8 74. Kc6 Bd4 75. Nf4 Kb8 76. Nd5 Ka7 77. Kb5 1-0

[Event "European Blitz 2022"]
[Site "Katowice POL"]
[Date "2022.12.16"]
[Round "22.17"]
[White "Tazbir, Marcin"]
[Black "Kowalski, Igor"]
[Result "0-1"]
[WhiteTitle "GM"]
[BlackTitle "IM"]
[WhiteElo "2508"]
[BlackElo "2344"]
[WhiteFideId "1122452"]
[BlackFideId "1172468"]
[EventDate "2022.12.16"]

1. c4 Nf6 2. g3 c6 3. Bg2 d5 4. Qc2 e5 5. d3 Be6 6. Nf3 Nbd7 7. O-O h6 8. b3 Bd6
9. Bb2 O-O 10. Nbd2 a5 11. a3 Re8 12. e4 d4 13. Nh4 b5 14. Nf5 Bf8 15. h3 Rc8
16. g4 g6 17. f4 exf4 18. Nxd4 g5 19. N4f3 Nc5 20. d4 Ncxe4 21. Nxe4 Nxe4 22.
Qxe4 Bxc4 23. Ne5 Bxb3 24. Rf2 Bg7 25. Nxc6 Qd6 26. Qf3 Re3 27. Ne5 Rxf3 28.
Bxf3 Bd5 29. Be2 Bc4 30. Bf3 f6 31. Nxc4 bxc4 32. Bc3 f5 33. Rd2 Re8 34. Kg2 Re3
35. Rc1 Qxa3 36. Bb2 Qb3 37. Bd5+ Kh7 38. Rxc4 Rg3+ 39. Kf1 Qe3 40. Rf2 Qd3+ 0-1

[Event "European Blitz 2022"]
[Site "Katowice POL"]
[Date "2022.12.16"]
[Round "22.18"]
[White "Fridman, Daniel"]
[Black "Psyk, Radoslaw"]
[Result "1-0"]
[WhiteTitle "GM"]
[WhiteElo "2602"]
[BlackElo "2438"]
[WhiteFideId "11600454"]
[BlackFideId "1182838"]
[EventDate "2022.12.16"]

1. d4 Nf6 2. Nf3 e6 3. c4 d5 4. g3 Be7 5. Bg2 O-O 6. Nc3 c6 7. Qd3 b6 8. O-O a5
9. e4 Ba6 10. b3 b5 11. Ne5 bxc4 12. bxc4 Nfd7 13. exd5 cxd5 14. Nxd5 exd5 15.
Bxd5 Nxe5 16. dxe5 Ra7 17. Be3 Rd7 18. Qe4 Rxd5 19. cxd5 Bxf1 20. Rxf1 Re8 21.
Qc4 Nd7 22. f4 Nb6 23. Qb5 Nxd5 24. Rd1 Nxe3 25. Rxd8 Rxd8 26. Qxa5 g6 27. Qc7
Kf8 28. a4 Rd2 29. Qc3 Rg2+ 30. Kh1 Re2 31. a5 Ng4 32. Qc8+ Kg7 33. Qxg4 Ra2 34.
Qd7 Bc5 35. e6 Rxa5 36. Qxf7+ Kh6 37. e7 Ra1+ 38. Kg2 Ra2+ 39. Kh3 Bg1 40. Kg4 1-0

[Event "European Blitz 2022"]
[Site "Katowice POL"]
[Date "2022.12.16"]
[Round "22.19"]
[White "Manik, Mikulas"]
[Black "Schneider, Ilja"]
[Result "1-0"]
[WhiteTitle "GM"]
[BlackTitle "IM"]
[WhiteElo "2359"]
[BlackElo "2483"]
[WhiteFideId "14900734"]
[BlackFideId "4663306"]
[EventDate "2022.12.16"]

1. e4 Nc6 2. Nf3 f5 3. exf5 d5 4. Bb5 Bxf5 5. Ne5 Qd6 6. d4 Nf6 7. O-O Nd7 8.
Bxc6 bxc6 9. Bf4 Nxe5 10. Bxe5 Qd7 11. Nd2 e6 12. Nb3 Bd6 13. Re1 O-O 14. Nc5
Qe7 15. c3 Bxc5 16. dxc5 Qxc5 17. Bxc7 Be4 18. Qd4 Qe7 19. Bg3 c5 20. Qe3 c4 21.
f3 Bf5 22. Rad1 Qf7 23. b3 cxb3 24. axb3 Bc2 25. Rd4 Bxb3 26. Be5 Bc2 27. Rg4 g6
28. Bd4 h5 29. Rg5 a5 30. Qe5 Kh7 31. g4 h4 32. f4 a4 33. f5 exf5 34. gxf5 Bxf5
35. Qf4 Kg8 36. Rg2 Rfe8 37. Rf1 a3 38. Qxh4 Qh7 39. Qf6 a2 40. Rxf5 Re1+ 41.
Rf1 1-0

[Event "European Blitz 2022"]
[Site "Katowice POL"]
[Date "2022.12.16"]
[Round "22.20"]
[White "Grandelius, Nils"]
[Black "Subelj, Jan"]
[Result "0-1"]
[WhiteTitle "GM"]
[BlackTitle "IM"]
[WhiteElo "2660"]
[BlackElo "2492"]
[WhiteFideId "1710400"]
[BlackFideId "14618583"]
[EventDate "2022.12.16"]

1. Nf3 d5 2. e3 Nf6 3. c4 c6 4. Qc2 g6 5. b3 Bf5 6. d3 Bg7 7. Bb2 O-O 8. Be2 Na6
9. O-O Rc8 10. Rd1 b5 11. cxb5 cxb5 12. Qd2 Nc5 13. Nc3 b4 14. Nb5 Qb6 15. Nbd4
Bd7 16. Ne5 Ne8 17. Nxd7 Nxd7 18. a3 e5 19. Nf3 bxa3 20. Rxa3 Nd6 21. Rda1 Nb5
22. Ra6 Qb8 23. h3 Nc5 24. Ba3 Nxa3 25. R6xa3 Nxb3 26. Rxb3 Qxb3 27. Rxa7 Rc2
28. Qd1 Qb2 29. Rb7 Qxb7 30. Qxc2 Rc8 31. Qa2 h6 32. Bf1 Kh7 33. h4 Rc1 34. h5
Qb1 35. hxg6+ fxg6 36. Qxb1 Rxb1 37. g3 Rb2 38. Kg2 g5 39. e4 d4 40. Kg1 g4 41.
Nh4 Bf6 42. Nf5 h5 43. Kg2 Kg6 44. Kg1 Ra2 45. Bg2 Bg5 46. f3 Be3+ 47. Kh1 Ra1+
48. Kh2 Bg1+ 49. Kh1 Kf6 50. fxg4 hxg4 51. Nd6 Ke6 52. Nc4 Rc1 53. Nb2 Rb1 54.
Nc4 Be3+ 55. Kh2 Rd1 56. Nb2 Rd2 57. Na4 Kd6 58. Nb6 Rxd3 59. Bf1 Rb3 60. Nc4+
Ke6 61. Be2 Rb8 62. Bxg4+ Kf6 63. Kg2 Bg5 64. Be2 Rb3 65. Bd1 Rc3 66. Nb6 Rc1
67. Nd5+ Kg6 68. Bg4 d3 69. Nb4 d2 70. Nd3 d1=Q 71. Nxe5+ Kg7 72. Bxd1 Rxd1 73.
Kf3 Bf6 74. Ng4 Bd4 75. Kf4 Rf1+ 76. Kg5 Bf6+ 0-1

[Event "European Blitz 2022"]
[Site "Katowice POL"]
[Date "2022.12.16"]
[Round "22.21"]
[White "Ziska, Helgi Dam"]
[Black "Plichta, Kamil"]
[Result "1-0"]
[WhiteTitle "GM"]
[BlackTitle "FM"]
[WhiteElo "2546"]
[BlackElo "2394"]
[WhiteFideId "7200595"]
[BlackFideId "1141830"]
[EventDate "2022.12.16"]

1. e4 g6 2. d4 Bg7 3. Nf3 c5 4. dxc5 Qa5+ 5. c3 Nf6 6. Bd3 Qxc5 7. Na3 d6 8. Be3
Qa5 9. O-O O-O 10. Re1 Nbd7 11. Bc2 Qc7 12. Nb5 Qb8 13. a4 a6 14. Nbd4 Qc7 15.
a5 Ng4 16. Bg5 Nc5 17. Bh4 Ne5 18. Bg3 Ne6 19. Nxe5 dxe5 20. Nf3 Nf4 21. h3 Rd8
22. Qc1 Be6 23. Bxf4 exf4 24. e5 Rd5 25. Be4 Rxa5 26. Rxa5 Qxa5 27. Qxf4 Qb6 28.
b4 Rd8 29. Ng5 Bh6 30. Qh4 Bxg5 31. Qxg5 Qc7 32. Re3 Rd1+ 33. Kh2 f6 34. Qg3
Qxe5 35. Qxe5 fxe5 36. Bxb7 Rd2 37. Rxe5 Kf7 38. Bxa6 Rxf2 39. Bb7 Rc2 40. Re3
Bc4 41. Be4 Rc1 42. Bd3 Rxc3 43. Bxg6+ 1-0

[Event "European Blitz 2022"]
[Site "Katowice POL"]
[Date "2022.12.16"]
[Round "22.22"]
[White "Donchenko, Alexander"]
[Black "Jarmula, Lukasz"]
[Result "1/2-1/2"]
[WhiteTitle "GM"]
[BlackTitle "GM"]
[WhiteElo "2636"]
[BlackElo "2469"]
[WhiteFideId "24603295"]
[BlackFideId "1160664"]
[EventDate "2022.12.16"]

1. Nf3 b6 2. g3 Bb7 3. Bg2 c5 4. c4 g6 5. d4 cxd4 6. Qxd4 Nf6 7. O-O Bg7 8. Nc3
O-O 9. Qh4 d6 10. Bh6 Nbd7 11. Rfd1 Rc8 12. b3 a6 13. Rac1 Rc5 14. Bxg7 Kxg7 15.
Qd4 Kg8 16. e4 Qa8 17. Nd5 Bxd5 18. exd5 b5 19. Re1 bxc4 20. bxc4 Re8 21. Qh4
Qc8 22. Bh3 Qc7 23. Kg2 Ne5 24. Nxe5 dxe5 25. Qh6 e4 26. Qg5 Rb8 27. Rc2 Kg7 28.
Kg1 Rxd5 29. cxd5 Qxc2 30. Qe5 Rb1 31. Rxb1 Qxb1+ 32. Bf1 Qxa2 33. Qxe7 Qxd5 34.
Bxa6 Qf5 35. Be2 h5 36. h4 Nd5 37. Qa7 Qe5 38. Bc4 e3 39. Bxd5 exf2+ 40. Kxf2
Qxd5 41. Qa1+ Kh7 42. Qa7 Qf5+ 43. Kg2 Kg7 44. Qd4+ Qf6 45. Qa7 Qc6+ 46. Kf2
Qc2+ 47. Kf3 Qd3+ 48. Kf2 Qf5+ 49. Kg2 g5 50. hxg5 Qxg5 51. Kf2 Kg6 52. Qa6+
Qf6+ 53. Qxf6+ Kxf6 54. Ke2 Kg5 55. Kf3 Kf5 56. Kf2 Kg4 57. Kg2 f6 58. Kf2 Kg5
59. Kf3 Kf5 60. Kf2 Ke4 61. Ke2 f5 62. Kf2 Ke5 63. Ke3 Kf6 64. Kf4 Kg6 65. Ke3
Kg5 66. Kf3 Kg6 67. Kf4 Kf6 68. Ke3 Ke5 69. Kf3 Ke6 70. Kf4 Kf6 71. Ke3 Kg5 72.
Kf3 f4 73. gxf4+ Kf5 74. Kg3 h4+ 75. Kxh4 Kxf4 1/2-1/2

[Event "European Blitz 2022"]
[Site "Katowice POL"]
[Date "2022.12.16"]
[Round "22.23"]
[White "Dragnev, Valentin"]
[Black "Larkin, Vladyslav"]
[Result "0-1"]
[WhiteTitle "GM"]
[BlackTitle "IM"]
[WhiteElo "2556"]
[BlackElo "2452"]
[WhiteFideId "1634852"]
[BlackFideId "14152894"]
[EventDate "2022.12.16"]

1. e4 c5 2. Nc3 e6 3. Nge2 a6 4. g3 b5 5. Bg2 Bb7 6. d4 b4 7. Na4 cxd4 8. Nxd4
Nc6 9. O-O Be7 10. Be3 d6 11. a3 bxa3 12. Rxa3 Ne5 13. Qe2 Nf6 14. Nc3 Rb8 15.
Ra2 O-O 16. h3 Qc7 17. Rfa1 Rfc8 18. Nb3 Nc4 19. Bc1 Nd7 20. Na5 Nxa5 21. Rxa5
Ne5 22. R5a2 Bf6 23. Na4 Nc4 24. c3 Ba8 25. Qd1 Rd8 26. b3 Na5 27. b4 Nc4 28.
Qe2 Rbc8 29. Bf4 Ne5 30. Be3 Nc4 31. Bd4 Bxd4 32. cxd4 Qa7 33. Rd1 Qb8 34. Qe1
Bc6 35. Rc1 Bb5 36. Bf1 Rc7 37. Nc3 Rdc8 38. Nxb5 axb5 39. Rca1 e5 40. Qd1 Qb6
41. dxe5 dxe5 42. Ra8 g6 43. Qd5 Qd4 44. Qxb5 Nd2 45. Bg2 Kg7 46. Qa5 Rc1+ 47.
Kh2 Rxa8 48. Qxa8 Rxa1 0-1

[Event "European Blitz 2022"]
[Site "Katowice POL"]
[Date "2022.12.16"]
[Round "22.24"]
[White "Licznerski, Lukasz"]
[Black "Azarov, Sergei"]
[Result "0-1"]
[WhiteTitle "IM"]
[BlackTitle "GM"]
[WhiteElo "2441"]
[BlackElo "2562"]
[WhiteFideId "1179250"]
[BlackFideId "13501470"]
[EventDate "2022.12.16"]

1. e4 e5 2. Nf3 Nc6 3. Bb5 a6 4. Bxc6 dxc6 5. O-O Ne7 6. Nxe5 Qd4 7. Qh5 Be6 8.
d3 g6 9. Qg5 Bg7 10. Nf3 Qd7 11. Nc3 h6 12. Qg3 O-O-O 13. Be3 f5 14. Ne5 Qd6 15.
Nxg6 Nxg6 16. Qxg6 Bxc3 17. exf5 Bxb2 18. Rab1 Rde8 19. fxe6 Rxe6 20. Qf5 Be5
21. Qh3 Re8 22. Rb3 b6 23. d4 Bg7 24. Rd1 Qd5 25. Qg4 Bf8 26. Qe2 b5 27. g3 Bd6
28. Rc1 h5 29. c4 Qe4 30. cxb5 axb5 31. a4 bxa4 32. Qa6+ Kd7 33. Qxa4 h4 34.
Rbc3 hxg3 35. hxg3 Bxg3 36. fxg3 Rh8 0-1

[Event "European Blitz 2022"]
[Site "Katowice POL"]
[Date "2022.12.16"]
[Round "22.25"]
[White "Langheinrich, Ferenc"]
[Black "Abdrlauf, Elham"]
[Result "1-0"]
[WhiteTitle "IM"]
[BlackTitle "IM"]
[WhiteElo "2381"]
[BlackElo "2518"]
[WhiteFideId "4641973"]
[BlackFideId "1533533"]
[EventDate "2022.12.16"]

1. e4 c6 2. Nf3 d5 3. d3 g6 4. Nbd2 Bg7 5. g3 e5 6. Bg2 Ne7 7. O-O O-O 8. Re1 d4
9. a4 a5 10. Nc4 b5 11. axb5 cxb5 12. Ncd2 Nbc6 13. h4 Bg4 14. Nf1 h6 15. N1h2
Be6 16. Bd2 Rc8 17. Qe2 Nb4 18. Bxb4 axb4 19. Rec1 Nc6 20. h5 g5 21. Nd2 b3 22.
Nxb3 Nb4 23. Bf3 Nxc2 24. Rxc2 Bxb3 25. Rcc1 Qd6 26. Bg4 Rc6 27. Bf5 Qc7 28. Qe1
Bc2 29. Qd2 b4 30. Kg2 b3 31. Ng4 Rb8 32. Ra4 Bxd3 33. Rxc6 Qxc6 34. Qxd3 Qxa4
35. Qf3 Qc6 36. Qd3 Rd8 37. Kh2 Qc2 38. Qa6 d3 39. Kg2 d2 40. Nxh6+ Kf8 41. Qa3+
Ke8 42. Qa4+ Kf8 43. Qa3+ Ke8 44. Qa4+ Ke7 45. Qa3+ Rd6 46. Qa7+ Kd8 47. Nxf7+
Ke8 48. Nxd6+ Kd8 49. Qd7# 1-0

[Event "European Blitz 2022"]
[Site "Katowice POL"]
[Date "2022.12.16"]
[Round "22.26"]
[White "Novotny, Michal"]
[Black "Kozak, Antoni"]
[Result "0-1"]
[WhiteTitle "FM"]
[WhiteElo "2250"]
[BlackElo "2422"]
[WhiteFideId "310980"]
[BlackFideId "21832030"]
[EventDate "2022.12.16"]

1. e4 c5 2. Nf3 d6 3. Bb5+ Nd7 4. Ba4 Nf6 5. O-O a6 6. c4 e5 7. Nc3 Be7 8. d3
O-O 9. Be3 Nb8 10. Nd5 Nc6 11. Bxc6 bxc6 12. Nxf6+ Bxf6 13. h3 g6 14. Qa4 Bd7
15. Bd2 Bg7 16. Ba5 Qe7 17. a3 f5 18. Nd2 h5 19. b4 cxb4 20. axb4 f4 21. f3 g5
22. c5 g4 23. fxg4 hxg4 24. hxg4 dxc5 25. Rac1 cxb4 26. Qxb4 Qh4 27. Qd6 Qxg4
28. Nf3 Rf6 29. Qe7 Re8 30. Qc5 Rg6 31. Rf2 Bf8 32. Qa7 Rg7 33. Qxa6 Re6 34. Qc4
Kh7 35. Bb4 Bxb4 36. Qxb4 Rh6 37. Nxe5 Qh5 0-1